00000000nam 2200000zi 4500
0019.945330
003CaOODSP
00520250106123629
006m     o  d f      
007cr |n|||||||||
008241119e202412  oncd    ob   f000 0 fre d
020 |a9780660745718
040 |aCaOODSP|bfre|erda|cCaOODSP
043 |an-cn-ns
0861 |aFs70-7/2024-039F-PDF
24500|aMise à jour sur l'état du stock de homard (Homarus Americanus) dans la zone de pêche du homard (ZPH) 33.
24617|aRéponse des sciences : |bmise à jour sur l’état du stock de homard de la ZPH 33
264 1|aOttawa : |bSecrétariat canadien de consultation scientifique, |cdécembre 2024.
264 4|c©2024
300 |a1 ressource en ligne (8 pages) : |bgraphiques.
336 |atexte|btxt|2rdacontent/fre
337 |ainformatique|bc|2rdamedia/fre
338 |aressource en ligne|bcr|2rdacarrier/fre
4901 |aRéponse des sciences, |x1919-3815 ; |v2024/039
500 |aPublié aussi en anglais sous le titre : Stock status update for American lobster (Homarus americanus) in lobster fishing area 33.
500 |aTitre de départ.
504 |aComprend des références bibliographiques (page 8).
650 6|aHomard d'Amérique|xPêche commerciale|zNouvelle-Écosse.
650 6|aCrustacés|xPopulations|zNouvelle-Écosse.
7101 |aCanada. |bMinistère des pêches et des océans. |bRégion des Maritimes, |eorganisme de publication.
7102 |aSecrétariat canadien de consultation scientifique, |eorganisme de publication.
77508|tStock status update for American lobster (Homarus americanus) in lobster fishing area 33.|w(CaOODSP)9.945329
830#0|aRéponse des sciences (Secrétariat canadien de consultation scientifique)|v2024/039.|w(CaOODSP)9.502630
85640|qPDF|s249 Ko|uhttps://publications.gc.ca/collections/collection_2025/mpo-dfo/fs70-7/Fs70-7-2024-039-fra.pdf